|
|
|
|
| LEADER |
02580nam a2200637 i 4500 |
| 001 |
nkc20253688667 |
| 003 |
CZ PrNK |
| 005 |
20250630143256.0 |
| 007 |
ta |
| 008 |
250605s2025 xr ac e c 000 0dcze |
| 015 |
|
|
|a cnb003688667
|
| 020 |
|
|
|a 978-80-86587-79-0
|q (vázáno)
|
| 035 |
|
|
|a (OCoLC)1527578279
|
| 040 |
|
|
|a BOA001
|b cze
|d ABA001
|e rda
|
| 043 |
|
|
|a e-xr---
|
| 045 |
|
|
|a x-x-
|
| 072 |
|
7 |
|a 75
|x Malířství
|2 Konspekt
|9 21
|
| 080 |
|
|
|a 75(437.3)
|2 MRF
|
| 080 |
|
|
|a 75.047
|2 MRF
|
| 080 |
|
|
|a 75.036/.038
|2 MRF
|
| 080 |
|
|
|a (437.3)
|2 MRF
|
| 080 |
|
|
|a (083.824)
|2 MRF
|
| 080 |
|
|
|a (082.2)
|2 MRF
|
| 100 |
1 |
|
|a Hodonský, František,
|d 1925-1999
|7 jn19990209246
|4 ill
|
| 245 |
1 |
0 |
|a Hodonský František st. :
|b horizonty křehkosti /
|c texty: Jan Mužák, Karel Křivánek, František Hodonský ml. a Ivan Hodonský
|
| 246 |
3 |
0 |
|a Horizonty křehkosti
|
| 246 |
1 |
8 |
|a František Hodonský st. - horizonty křehkosti
|
| 264 |
|
1 |
|a Praha :
|b Vltavín,
|c 2025
|
| 300 |
|
|
|a 74 stran :
|b ilustrace (převážně barevné), portréty ;
|c 31 cm
|
| 336 |
|
|
|a text
|b txt
|2 rdacontent
|
| 336 |
|
|
|a statický obraz
|b sti
|2 rdacontent
|
| 337 |
|
|
|a bez média
|b n
|2 rdamedia
|
| 338 |
|
|
|a svazek
|b nc
|2 rdacarrier
|
| 500 |
|
|
|a Vydáno k výstavě Horizonty křehkosti uspořádané ke 100. výročí narození umělce, konané v Městském muzeu a galerii Břeclav ve dnech 6.11.-7.12.2025
|
| 600 |
1 |
7 |
|a Hodonský, František,
|d 1925-1999
|7 jn19990209246
|2 czenas
|
| 648 |
|
7 |
|a 20. století
|7 ch460558
|2 czenas
|
| 650 |
0 |
7 |
|a české malířství
|7 ph116864
|y 20. století
|2 czenas
|
| 650 |
0 |
7 |
|a krajinomalba
|7 ph121926
|z Česko
|y 20. století
|2 czenas
|
| 650 |
0 |
7 |
|a moderní malířství
|7 ph122940
|z Česko
|2 czenas
|
| 650 |
0 |
9 |
|a Czech painting
|y 20th century
|2 eczenas
|
| 650 |
0 |
9 |
|a landscape painting
|z Czechia
|y 20th century
|2 eczenas
|
| 650 |
0 |
9 |
|a modern painting
|z Czechia
|2 eczenas
|
| 655 |
|
7 |
|a katalogy výstav
|7 fd132536
|2 czenas
|
| 655 |
|
7 |
|a jubilejní publikace
|7 fd131839
|2 czenas
|
| 655 |
|
9 |
|a exhibition catalogs
|2 eczenas
|
| 655 |
|
9 |
|a jubilee books
|2 eczenas
|
| 700 |
1 |
|
|a Mužák, Jan
|4 aut
|
| 700 |
1 |
|
|a Křivánek, Karel,
|d 1949-
|7 ola200206502
|4 aut
|
| 700 |
1 |
|
|a Hodonský, František,
|d 1945-
|7 jn19990209245
|4 aut
|
| 700 |
1 |
|
|a Hodonský, Ivan,
|d 1946-
|7 jn20000728187
|4 aut
|
| 710 |
2 |
|
|a Městské muzeum a galerie (Dačice, Česko)
|7 kn20020322395
|4 orm
|
| 910 |
2 |
|
|a BOA001
|b 4-1546.122
|
| 990 |
|
|
|a BK
|
| 995 |
|
|
|a 01
|
| 991 |
|
|
|b 202506
|c NOV
|
| 996 |
6 |
|
|b 2611005497
|c 4-1546.122
|l MZK
|r Sklad / do 1 hodiny
|n 0
|p p.v.
|w 002007814
|u 000010
|a 1
|e BOA001
|j MZK50
|s P
|